| 000 | 00000nam 2200000zi 4500 |
| 001 | 9.893904 |
| 003 | CaOODSP |
| 005 | 20250718144456 |
| 006 | m o d f |
| 007 | cr ||||||||||| |
| 008 | 201123e202103##onc ob f000 0 fre d |
| 020 | |a9780660367248 |
| 040 | |aCaOODSP|bfre|erda|cCaOODSP |
| 043 | |an-cn--- |
| 086 | 1 |aH129-108/2021F-PDF |
| 245 | 02|aL'évaluation des risques pour les sites contaminés fédéraux du Canada : |bvaleurs toxicologiques de référence (VTR). |
| 246 | 17|aValeurs toxicologiques de référence (VTR) |
| 250 | |aVersion 3.0. |
| 264 | 1|aOttawa (Ontario) : |bSanté Canada = Health Canada, |cmars 2021. |
| 264 | 4|c©2021 |
| 300 | |a1 ressource en ligne (vi, 74 pages) |
| 336 | |atexte|btxt|2rdacontent/fre |
| 337 | |ainformatique|bc|2rdamedia/fre |
| 338 | |aressource en ligne|bcr|2rdacarrier/fre |
| 500 | |aPublié aussi en anglais sous le titre : Federal contaminated site risk assessment in Canada: toxicological reference values (TRVs). |
| 500 | |aPublié aussi en format HTML. |
| 500 | |a« Pub. : 200302. » |
| 504 | |aComprend des références bibliographiques. |
| 520 | |a« Ce document fait partie d’une série de documents d’orientation publiés par SC qui sont utilisés en évaluation des risques à la santé humaine des sites contaminés fédéraux du Canada. Les VTR sont des paramètres utilisés pour évaluer quantitativement les risques potentiels pour la santé humaine associés à l’exposition aux contaminants environnementaux, et sont publiées par plusieurs organisations nationales et internationales afin de caractériser la toxicité des substances »--Introduction, page 5. |
| 650 | 6|aDépôts de déchets dangereux|xAspect de l'environnement|zCanada. |
| 650 | 6|aDépôts de déchets dangereux|xAspect sanitaire|zCanada. |
| 650 | 6|aProduits chimiques|xÉvaluation du risque|zCanada. |
| 650 | 6|aRisques pour la santé|xÉvaluation|zCanada. |
| 710 | 1 |aCanada. |bSanté Canada, |eorganisme de publication. |
| 775 | 08|tFederal contaminated site risk assessment in Canada : |w(CaOODSP)9.893902 |
| 794 | |tL'évaluation des risques pour les sites contaminés fédéraux du Canada : |w(CaOODSP)9.953403 |
| 795 | |tL'évaluation des risques pour les sites contaminés fédéraux au Canada, Partie II : |w(CaOODSP)9.638445 |
| 856 | 40|qPDF|s815 Ko|uhttps://publications.gc.ca/collections/collection_2021/sc-hc/H129-108-2021-fra.pdf |
| 856 | 4 |qHTML|sS.O.|uhttps://www.canada.ca/fr/sante-canada/services/sante-environnement-milieu-travail/rapports-publications/lieux-contamines/evaluation-risques-sites-contamines-federaux-canada-partie-valeurs-toxicologiques-reference-sante-canada-parametres-substances-chimiques-selectionnees.html |